2021/22 EFL League One Teams - Statistics

General Stats
  • This quiz has been taken 8 times
  • The average score is 20 of 24
Answer Stats
Place Team Points % Correct
16 Burton Albion 53
100%
11 Ipswich Town 70
100%
3 Milton Keynes Dons 89
100%
8 Oxford United 76
100%
7 Plymouth Argyle 80
100%
2 Rotherham United 90
100%
1 Wigan Athletic 92
100%
23 AFC Wimbledon 37
88%
9 Bolton Wanderers 73
88%
14 Cambridge United 58
88%
22 Doncaster Rovers 38
88%
21 Gillingham 40
88%
17 Lincoln City 52
88%
19 Morecambe 42
88%
5 Sunderland 84
88%
15 Cheltenham Town 56
75%
20 Fleetwood Town 40
75%
10 Portsmouth 73
75%
4 Sheffield Wednesday 85
75%
6 Wycombe Wanderers 83
75%
12 Accrington Stanley 61
63%
13 Charlton Athletic 59
63%
18 Shrewsbury Town 50
63%
24 Crew Alexandre 29
0%
No matching quizzes found
Score Distribution
Percent of People with Each Score
Percentile by Number Answered
Your Score History
You have not taken this quiz